Lean enterprise. (Record no. 195232)

MARC details
000 -LEADER
fixed length control field 00691nam a2200229Ia 4500
003 - CONTROL NUMBER IDENTIFIER
control field OSt
005 - DATE AND TIME OF LATEST TRANSACTION
control field 20260202154403.0
008 - FIXED-LENGTH DATA ELEMENTS--GENERAL INFORMATION
fixed length control field 210716s2015 xx 000 0 und d
020 ## - INTERNATIONAL STANDARD BOOK NUMBER
International Standard Book Number 9789351109129
040 ## - CATALOGING SOURCE
Transcribing agency AIMIT LIBRARY
041 ## - LANGUAGE CODE
Language code of text/sound track or separate title eng
082 ## - DEWEY DECIMAL CLASSIFICATION NUMBER
Classification number 658.4013
Edition number 1
Item number HUMJ
100 ## - MAIN ENTRY--PERSONAL NAME
Personal name Humble, Jez;Molesky, Joanne;Oreilly, Barry.
9 (RLIN) 253573
245 ## - TITLE STATEMENT
Title Lean enterprise.
Statement of responsibility, etc. By Jez Humble ; Joanne Molesk ; Barry Oreilly.
250 ## - EDITION STATEMENT
Edition statement 1
260 ## - PUBLICATION, DISTRIBUTION, ETC.
Place of publication, distribution, etc. New Delhi
Name of publisher, distributor, etc. Shroff Publishers and Distributors Pvt Ltd
Date of publication, distribution, etc. 2015
300 ## - PHYSICAL DESCRIPTION
Extent xxi,317,19
650 ## - SUBJECT ADDED ENTRY--TOPICAL TERM
Topical term or geographic name entry element Enterprise Resources
9 (RLIN) 253574
700 ## - ADDED ENTRY--PERSONAL NAME
Personal name Molesky, Joanne.
9 (RLIN) 253575
700 ## - ADDED ENTRY--PERSONAL NAME
Personal name Oreilly, Barry.
9 (RLIN) 253576
942 ## - ADDED ENTRY ELEMENTS (KOHA)
Source of classification or shelving scheme Dewey Decimal Classification
Koha item type Book
Holdings
Withdrawn status Lost status Damaged status Not for loan Collection code Home library Current library Source of acquisition Cost, normal purchase price Total Checkouts Full call number Barcode Date last seen Cost, replacement price Price effective from Koha item type
        MCA St Aloysius Institute of Management & Information Technology St Aloysius Institute of Management & Information Technology Knowledge World 600.00   658.4013 HUMJ MCA14741 07/21/2025 468.00 07/16/2021 Book